| 000 | 00967nam a2200181Ia 4500 | ||
|---|---|---|---|
| 001 | 6565 | ||
| 008 | 260622s9999 xx 000 0 und d | ||
| 245 | 0 |
_aمعابد عشتار القديمة في آشور/ _cتأليف: فالتر أندريه، ترجمة: عبد الرزّاق كامل الحسن، مراجعة الترجمة: د. نوال خورشيد سعيد، المراجعة الأثرية: ميسر سعيد العراقي |
|
| 260 | _b المؤسسة العامة للآثار و التراث، وزارة الثقافة و العلام، الجمهورية العراق؛ | ||
| 300 |
_a215p; _c30x23cm |
||
| 520 | _aEarly Ishtar Temples in Ashur/ By Walter Andrae, Translated by Abdul Razzak K. Th. Al Hasan, Translation revision: Dr. Nawal Khurshid Saeed, Archaeological revision: Muyaser Sa'id Al Iraqi. | ||
| 546 | _aArabic | ||
| 648 | _aAncient | ||
| 650 | _aCC1-960 Archaeology | ||
| 650 |
_aPaganism _99412 |
||
| 651 | _aIraq | ||
| 942 | _cBK | ||
| 999 |
_c6565 _d6565 |
||